Biggest Cities in the Americas by Letter - A - Statistics

General Stats
  • This quiz has been taken 183 times
    88 since last reset
  • The average score is 9 of 20
Answers on the Map
Answers color-coded by a green-red scale on the quiz's map according to % correct below.
 
Answer Stats
Population Country Urban Area % Correct
6,098,561 United States Atlanta
97%
2,339,567 United States Austin
93%
2,224,415 Paraguay Asunción
86%
981,666 United States Albuquerque
79%
712,898 United States Albany
75%
852,622 Mexico Acapulco
66%
337,955 United States Ann Arbor
59%
636,183 United States Akron
58%
431,480 United States Augusta
55%
1,079,593 United States Allentown
47%
1,140,916 Mexico Aguascalientes
38%
1,125,400 Peru Arequipa
38%
415,847 Brazil Anápolis
33%
375,853 Chile Antofagasta
29%
331,115 United States Antioch
15%
1,064,269 Brazil Aracaju
14%
371,843 Ecuador Ambato
5%
500,221 Brazil Americana
5%
356,700 Venezuela Acarigua-Araure
4%
469,659 Panama Arraiján
0%
No matching quizzes found
Score Distribution
Percent of People with Each Score
Percentile by Number Answered
Your Score History
You have not taken this quiz since the last reset